000 00784cab a2200205 4500
001 L135849
008 061213n2006 000 0 eng u
035 _a(Sirsi) u135849
041 0 _aeng
100 1 _aEade, Christine
245 0 0 _aRegional
_bEssex and north east London boroughs
260 _c2006
490 0 _aProperty Week
_v71(46) 17 November 2006, 105-117(7)
520 _aThe University of Essex plans to build housing on its campus to finance a new research park, while A date has been set for a decision on the planning application for a proposed redevelopment of a site at the Royal Docks at Newham.
590 _aKA
651 4 _aESSEX
651 4 _aNORTH EAST LONDON BOROUGHS
690 _aPROPERTY-COMMERCIAL PROPERTY-COMMERCIAL PROPERTY MARKET
942 _n0
999 _c78040
_d78040